01190nam a2200193Ia 4500001001000000003001000010008004100020040002500061041001300086100002700099245006700126250001100193260009200204300002800296500026200324501011400586520026200700650003400962L235-7896IT-CnALBA170116s9999||||xx |||||||||||||| ||und|| aIT-CnALBAcIT-CnALBA aITALIANO aMEZZA DON FAUSTO, OSB. 0aL'EVANGELO DI MARIA. ELEVAZIONI SULLA VITA DELLA SS. VERGINE.  a1a ed. a VERCELLIbQIQAJON - COMUNITÀ DI BOSE c1988 [1° Ed.:1981 - Ed.Ling.Originale: 1988] a223 p. (prefazione: 79) aMATERNITÀ DIVINA. ANNUNZIAZIONE. VISITAZIONE. MAGNIFICAT. SOFFERENZA DI GIUSEPPE. NATALE. MAGI. CUORE DI MADRE. PURIIFICAZIONE. CONTEMPLAZIONE DEL VERBO INCARNATO. SIMEONE. FUGA IN EGITTO. NAZARETH. CANA. APOSTOLATO DI MARIA. LA SANTA FAMIGLIA. DURANTE LA aSocietà San Paolo EM - Piazza San Paolo, 14 - 12051 ALBA (CN) (non commercial uses only) ® Copyright 2017 aMATERNITÀ DIVINA. ANNUNZIAZIONE. VISITAZIONE. MAGNIFICAT. SOFFERENZA DI GIUSEPPE. NATALE. MAGI. CUORE DI MADRE. PURIIFICAZIONE. CONTEMPLAZIONE DEL VERBO INCARNATO. SIMEONE. FUGA IN EGITTO. NAZARETH. CANA. APOSTOLATO DI MARIA. LA SANTA FAMIGLIA. DURANTE LA aMARIA SS. ANGELI SANTI DEMONI